000 00891nam a2200265Ia 4500
005 20220317000530.0
008 160601s2004 sp g 000 0 spa
020 _a8420672009
100 1 _aKipling, Rudyard
_d1865-1936
245 1 0 _aKim
_cRudyard Kipling ; traducción José Luis López Muñoz
250 _a1a. edición
_b1a. reimpresión
300 _a381 páginas
_c22 cm
650 1 4 _2LEMB
_aNovela inglesa
_ySiglo XX
650 1 4 _2LEMB
_aLiteratura inglesa
_ySiglo XX
650 1 4 _2LEMB
_aEspionaje en la literatura
650 1 4 _2LEMB
_aAventuras en la literatura
700 1 _aLópez Muñoz, José Luis
_etraductor
_947328
942 _2loc
_cBKLIT
264 _aMadrid
_bAlianza
_c2004
336 _atexto
_btxt
_2rdacontent
337 _asin mediación
_bn
_2rdamedia
338 _avolumen
_bnc
_2rdacarrier
040 _aCO-BoRNBP
_bspa
_erda
_cCO-BoRNBP
084 _aN KIP1
999 _c4308
_d4308